Quiz sur la ligue des champions - Statistiques

Statistiques générales
  • Ce quiz a été pris 53 fois
    43 depuis la dernière actualisation
  • Le résultat moyen est 11 sur 15
Statistiques - réponses
Question Réponse % Correct
Combien de clubs français ont gagné la ligue des champions ? 2
100%
Quel est le club qui a le plus gagné cette compétition ? Real Madrid
100%
Quel est le meilleur buteur de l’histoire de la compétition ? Cristiano Ronaldo
95%
En quelle année l’OM a-t-il gagné la ligue des champions ? 1993
89%
Quel club n’a jamais remporté la ligue des champions ? Arsenal
89%
Quel club ne figure pas dans l’édition 2025-2026 ? AS Rome
84%
Quel est le vainqueur de la première édition ? Real Madrid
84%
Combien de clubs italiens ont remportés cette compétition ? 3
79%
Combien de ligue des champions a remporté ce dernier ? 15
76%
Quel joueur a fini meilleur buteur de l’édition 2024-2025 Raphinha
61%
Combien de club néerlandais ont remportés la ligue des champions ? 3
58%
Combien de club anglais participent a l’édition 2025-2026 ? 6
53%
Quel club a fini dernier du classement de l’édition 2024-2025 ? Young Boys
37%
En quelle année a été crée la ligue des champions ? 1955
29%
Quel est le meilleur passeur de l’histoire la ligue des champions ? Cristiano Ronaldo
29%
Aucun quiz correspondant
Distribution des résultats
% des personnes avec chaque résultat
Percentile par nombre de réponses
Votre historique - résultats
Vous n’avez pas pris ce quiz depuis la dernière actualisation